Čaroděj z temnot /

Hlavní autor: Dark, Jason, 1945-
Jazyk: Čeština
Vydáno: Brno : MOBA, c2012
Vydání: Vyd. 1.
Edice: Na stopě hrůzy John Sinclair
Témata:
Fyzický popis: 95 s. ; 20 cm
Knihy
Uloženo v:
LEADER 01207nam a2200361 a 4500
001 nkc20122413689
003 CZ PrNK
005 20121205074142.0
007 ta
008 121106s2012 xr g 000 j cze
015 |a cnb002413689 
020 |a 978-80-243-5128-5  |q (brož.) :  |c Kč 49,00 
035 |a (OCoLC)820695207 
040 |a ABA001  |b cze 
041 1 |a cze  |h ger 
072 7 |a 821-31/-34  |x Milostná, dobrodružná, fantastická próza  |2 Konspekt  |9 25 
080 |a 821-322.4  |2 MRF 
080 |a (0:82-322.4)  |2 MRF 
100 1 |a Dark, Jason,  |d 1945-  |7 jn20000810032  |4 aut 
245 1 0 |a Čaroděj z temnot /  |c neuvěřitelné a záhadné příběhy Jasona Darka 
250 |a Vyd. 1. 
260 |a Brno :  |b MOBA,  |c c2012 
300 |a 95 s. ;  |c 20 cm 
490 1 |a John Sinclair : jedinečné příběhy mistra hororů ;  |v sv. 482 
500 |a Přeloženo z němčiny 
655 7 |a horory (povídky)  |7 fd132417  |2 czenas 
655 9 |a horror tales  |2 eczenas 
830 0 |a Na stopě hrůzy John Sinclair  |0 s 
910 2 |a BOA001  |b 2-1294.151 
990 |a BK 
995 |a 01 
991 |b 201211  |e b 
996 6 |b 2610527754  |c 2-1294.151  |l MZK  |r Sklad / do 1 hodiny  |n 0  |p p.v.  |w 001297352  |u 000010  |a 1  |e BOA001  |j MZK50  |s P